LEADER 00863nam0-2200301 --450 001 9910349860403321 005 20191127085617.0 010 $a978-88-6440-357-1 100 $a20191127d2018----kmuy0itay5050 ba 101 0 $aita 102 $aIT 105 $a 001yy 200 1 $aFoucault e Hayek$etra biopolitica e liberalismo$fJacopo Marchetti$gprefazione di Emanuele Castrucci 210 $aTorino$cIBL Libri$d2018 215 $a283 p.$d20 cm 610 0 $aBiopolitica 610 0 $aFoucault, Michel 610 0 $aHayek, Friedrich August 676 $a320.01$v23$zita 700 1$aMarchetti,$bJacopo$0768748 702 1$aCastrucci,$bEmanuele 801 0$aIT$bUNINA$gREICAT$2UNIMARC 901 $aBK 912 $a9910349860403321 952 $aII G 272$b1695/2019$fFSPBC 959 $aFSPBC 996 $aFoucault e Hayek$91566568 997 $aUNINA LEADER 01105nam 2200349 450 001 996280826203316 005 20231206214308.0 010 $a1-5044-0422-X 024 7 $a10.1109/IEEESTD.1974.7436694 035 $a(CKB)3710000000614471 035 $a(NjHacI)993710000000614471 035 $a(EXLCZ)993710000000614471 100 $a20231206d1974 uy 0 101 0 $aeng 135 $aur||||||||||| 181 $ctxt$2rdacontent 182 $cc$2rdamedia 183 $acr$2rdacarrier 200 10$aAIEE No 700-1947 $eAIEE Standard for Aircraft Direct- Current Apparatus Voltage Ratings /$fInstitute of Electrical and Electronics Engineers 210 1$a[Place of publication not identified] :$cIEEE,$d1974. 215 $a1 online resource 330 $aAircraft Direct-Current Apparatus Voltage Ratings. 517 $aAIEE No 700-1947 606 $aAerospace electronics 615 0$aAerospace electronics. 676 $a629.13252 801 0$bNjHacI 801 1$bNjHacl 906 $aDOCUMENT 912 $a996280826203316 996 $aAIEE No 700-1947$93647216 997 $aUNISA